000 00606nam a2200229Ia 4500
003 OSt
005 20221007075327.0
006 a|||||r|||| 00| 0
007 ta
008 221006b |||||||| |||| 00| 0 eng d
024 _a28,593
037 _cTextual
040 _aFLL
_cFLL
_beng
041 _2eng
_aeng
082 _aZQ7, N5
100 _aMahmood Tahir
245 0 _aPersonal law in Islamic countries
260 _aNew Delhi
_bIndia and Islam Research Council India
_c1995
300 _aviii,320p
_ccm.
942 _hZQ7, N5
_cTEXL
_2CC
999 _c1155635
_d1155635